| 000 | 00500nam a2200109Ia 4500 | ||
|---|---|---|---|
| 008 | 171212s9999 xx 000 0 und d | ||
| 100 | _aAguila, Emma;Kapteyn, Arie;Mejia, Nelly;Robles, Rosalba;Vargas, Oscar | ||
| 245 |
_cAguila, Emma;Kapteyn, Arie;Mejia, Nelly;Robles, Rosalba;Vargas, Oscar _aGeographic Targeting in Urban Areas: A Social-Welfare Program for Older People in Mexico |
||
| 260 |
_bRAND Corporation _c2014 |
||
| 650 | _aHistory | ||
| 856 | _uhttp://www.jstor.org/stable/10.7249/j.ctt14bs29v | ||
| 999 |
_c352115 _d352115 |
||